Six easy pieces (Record no. 593854)
[ view plain ]
| 000 -LEADER | |
|---|---|
| fixed length control field | 01542cim a22003855a 4500 |
| 001 - CONTROL NUMBER | |
| control field | 12071944 |
| 005 - DATE AND TIME OF LATEST TRANSACTION | |
| control field | 20230320123101.0 |
| 007 - PHYSICAL DESCRIPTION FIXED FIELD--GENERAL INFORMATION | |
| fixed length control field | sdufungnn---e- |
| 008 - FIXED-LENGTH DATA ELEMENTS--GENERAL INFORMATION | |
| fixed length control field | 950105s1994 maunnn eng |
| 010 ## - LIBRARY OF CONGRESS CONTROL NUMBER | |
| LC control number | 99589789 |
| 020 ## - INTERNATIONAL STANDARD BOOK NUMBER | |
| International Standard Book Number | 0201483068 (set) : |
| Terms of availability | $22.00 |
| 020 ## - INTERNATIONAL STANDARD BOOK NUMBER | |
| International Standard Book Number | 0201985292 (CD 1) |
| 020 ## - INTERNATIONAL STANDARD BOOK NUMBER | |
| International Standard Book Number | 0201985373 (CD 2) |
| 020 ## - INTERNATIONAL STANDARD BOOK NUMBER | |
| International Standard Book Number | 0201985381 (CD 3) |
| 020 ## - INTERNATIONAL STANDARD BOOK NUMBER | |
| Canceled/invalid ISBN | 020198539x (CD 4) |
| 020 ## - INTERNATIONAL STANDARD BOOK NUMBER | |
| International Standard Book Number | 0201985403 (CD 5) |
| 020 ## - INTERNATIONAL STANDARD BOOK NUMBER | |
| Canceled/invalid ISBN | 020198542x (CD 6) |
| 035 ## - SYSTEM CONTROL NUMBER | |
| System control number | (OCoLC)ocm31770096 |
| 040 ## - CATALOGING SOURCE | |
| Original cataloging agency | DLC |
| Transcribing agency | MiWaOW |
| Modifying agency | NBuBE |
| -- | OCo |
| -- | DLC |
| 042 ## - AUTHENTICATION CODE | |
| Authentication code | lcderive |
| 050 00 - LIBRARY OF CONGRESS CALL NUMBER | |
| Classification number | unknown |
| 082 ## - DEWEY DECIMAL CLASSIFICATION NUMBER | |
| Classification number | 530 |
| Author Mark | FEY |
| 100 1# - MAIN ENTRY--PERSONAL NAME | |
| Personal name | Feynman, Richard P. |
| Fuller form of name | (Richard Phillips), |
| Dates associated with a name | 1918-1988. |
| 9 (RLIN) | 110597 |
| 245 10 - TITLE STATEMENT | |
| Title | Six easy pieces |
| Medium | [sound recording] : |
| Remainder of title | [essentials of physics, explained by its most brilliant teacher] / |
| Statement of responsibility, etc. | Richard P. Feynman. |
| 246 10 - VARYING FORM OF TITLE | |
| Title proper/short title | 6 easy pieces. |
| 260 ## - PUBLICATION, DISTRIBUTION, ETC. | |
| Place of publication, distribution, etc. | Reading, Mass. : |
| Name of publisher, distributor, etc. | Helix Books, |
| Date of publication, distribution, etc. | [1994] |
| 300 ## - PHYSICAL DESCRIPTION | |
| Extent | 6 sound discs : |
| Other physical details | digital ; |
| Dimensions | 4 3/4 in. |
| 500 ## - GENERAL NOTE | |
| General note | Compact disc. |
| 500 ## - GENERAL NOTE | |
| General note | Recordings of Richard Feynman in the classroom. |
| 500 ## - GENERAL NOTE | |
| General note | Subtitle from container. |
| 505 0# - FORMATTED CONTENTS NOTE | |
| Formatted contents note | Lecture 1: Atoms in motion, Sept. 26, 1961 -- Lecture 2: Basic physics, Sept. 29, 1961 -- Lecture 3: The relation of physics to other sciences, Oct. 3, 1961 -- Lecture 4: Conservation of energy, Oct. 6, 1961 -- Lecture 5: The theory of gravitation, Oct. 17, 1961 -- Lecture 6: Quantum behavior, Apr. 3, 1962. |
| 650 #0 - SUBJECT ADDED ENTRY--TOPICAL TERM | |
| Topical term or geographic name entry element | Physics. |
| 906 ## - LOCAL DATA ELEMENT F, LDF (RLIN) | |
| a | 0 |
| b | cbc |
| c | copycat |
| d | 3 |
| e | ncip |
| f | 19 |
| g | y-soundrec |
| 942 ## - ADDED ENTRY ELEMENTS (KOHA) | |
| Source of classification or shelving scheme | |
| Koha item type | Book |
| Withdrawn status | Lost status | Source of classification or shelving scheme | Damaged status | Not for loan | Permanent Location | Current Location | Shelving location | Date acquired | Total Checkouts | Full call number | Barcode | Date last seen | Date last checked out | Price effective from | Koha item type |
|---|---|---|---|---|---|---|---|---|---|---|---|---|---|---|---|
| School of Mechanical & Manufacturing Engineering (SMME) | School of Mechanical & Manufacturing Engineering (SMME) | Aerospace Engineering | 03/20/2023 | 1 | 530 FEY | SMME-4362 | 11/18/2025 | 09/26/2025 | 03/20/2023 | Book |
